[Event "TUR-chT 2nd League"]
[Site "Konya"]
[Date "2022.08.25"]
[Round "5.8"]
[White "Arslan, Muhammed Emin"]
[Black "Genc, Arda"]
[Result "0-1"]
[WhiteElo "1952"]
[BlackElo "1735"]
[PlyCount "76"]
[EventDate "2022.08.22"]
[EventType "team-swiss"]
[EventRounds "9"]
[EventCountry "TUR"]
[SourceTitle "CBM 210 Extra"]
[Source "ChessBase"]
[SourceDate "2022.11.30"]
[SourceVersion "1"]
[SourceVersionDate "2022.11.30"]
[SourceQuality "1"]
[WhiteTeam "Mersin Altin Piyon"]
[BlackTeam "Ankara DSI Genclik"]
[WhiteTeamCountry "TUR"]
[BlackTeamCountry "TUR"]

1. d4 Nf6 2. Bf4 c5 3. e3 cxd4 4. exd4 d5 5. Bd3 Nc6 6. c3 g6 7. Nf3 Bg7 8. h3 0-0 9. 0-0 Nh5 10. Bh2 Bh6 11. Ne5 Nxe5 12. Bxe5 f6 13. Bh2 Nf4 14. Bc2 e5 15. Re1 Qd6 16. Bb3 Be6 17. Nd2 Rad8 18. dxe5 fxe5 19. Nf3 e4 20. Nd4 Bxh3 21. Rxe4 Kh8 22. Bxf4 Bxf4 23. Nb5 Qf6 24. Rxf4 Qxf4 25. gxh3 Qxf2+ 26. Kh1 Rf4 27. Qe1 Qf3+ 28. Kg1 Rf5 29. Qh4 Rdf8 30. Qd4+ Kg8 31. Qd2 Qg3+ 32. Qg2 Qe3+ 33. Kh1 Rg5 34. Bxd5+ Kg7 35. Qh2 Rf2 36. Qc7+ Kh6 37. Qc8 Rxd5 38. Nd4 Rxd4 0-1

[Event "Ankara op 02"]
[Site "Ankara"]
[Date "2020.02.15"]
[Round "4"]
[White "Soku, Mustafa Attila"]
[Black "Genc, Arda"]
[Result "0-1"]
[WhiteElo "1512"]
[BlackElo "1761"]
[PlyCount "62"]
[EventDate "2020.02.14"]
[EventType "swiss"]
[EventRounds "7"]
[EventCountry "TUR"]
[SourceTitle "CBM 195 Extra"]
[Source "ChessBase"]
[SourceDate "2020.05.31"]
[SourceVersion "1"]
[SourceVersionDate "2020.05.31"]
[SourceQuality "1"]

1. d4 Nf6 2. c4 c5 3. d5 e6 4. Nc3 exd5 5. cxd5 d6 6. e4 g6 7. f3 Bg7 8. Bg5 0-0 9. Bd3 h6 10. Bh4 g5 11. Bf2 Nh5 12. g4 Nf4 13. Nge2 Nxe2 14. Qxe2 Nd7 15. h4 Ne5 16. hxg5 hxg5 17. 0-0-0 Qf6 18. Rh3 a6 19. Rdh1 b5 20. Be3 c4 21. Bc2 b4 22. Nd1 b3 23. Qh2 Re8 24. Rh8+ Bxh8 25. Qh7+ Kf8 26. Qxh8+ Qxh8 27. Rxh8+ Kg7 28. Rxe8 bxa2 29. Bb1 a1Q 30. Bd4 Qa5 31. Nc3 Qc7 0-1

[Event "TUR-chT2"]
[Site "Konya"]
[Date "2018.07.11"]
[Round "3.11"]
[White "Genc, Arda"]
[Black "Akin, Batikan Aybey"]
[Result "1-0"]
[WhiteElo "1497"]
[BlackElo "1573"]
[PlyCount "99"]
[EventDate "2018.07.10"]
[EventType "team-swiss"]
[EventRounds "9"]
[EventCountry "TUR"]
[SourceTitle "EXT 2019"]
[Source "ChessBase"]
[SourceDate "2018.10.10"]
[SourceVersion "1"]
[SourceVersionDate "2018.10.10"]
[SourceQuality "1"]
[WhiteTeam "Kastam Koy Hizmetleri"]
[BlackTeam "Mugla Dalaman"]
[WhiteTeamCountry "TUR"]
[BlackTeamCountry "TUR"]

1. d4 Nf6 2. Nf3 e6 3. Bg5 Be7 4. Nbd2 d5 5. e3 0-0 6. Bd3 b6 7. Ne5 Bb7 8. f4 Ne4 9. Bxe7 Qxe7 10. Bxe4 dxe4 11. 0-0 f5 12. c4 Nd7 13. Nxd7 Qxd7 14. Rc1 Rfd8 15. Qc2 c5 16. Nb3 cxd4 17. Nxd4 Rac8 18. Rfd1 Qe7 19. Qa4 a6 20. Qb3 Rd6 21. Re1 g6 22. Rc3 Rc5 23. Qc2 a5 24. a3 Rc8 25. b4 axb4 26. axb4 Rdd8 27. c5 bxc5 28. bxc5 Bc6 29. Rb1 e5 30. fxe5 Qxe5 31. Rb6 Rxd4 32. exd4 Qxd4+ 33. Kf1 Kg7 34. Rc4 Qd7 35. Qc3+ Kh6 36. Qe3+ g5 37. Rd4 Qxd4 38. Qxd4 Kh5 39. Qf6 Kg4 40. Rxc6 Rb8 41. h3+ Kh4 42. Qh6+ Kg3 43. Qd6+ f4 44. Qxb8 h5 45. Qb2 e3 46. Qe2 g4 47. Qe1+ Kh2 48. hxg4 e2+ 49. Kf2 hxg4 50. Rh6# 1-0